Ёмкостные токи в линиях ДПЗ; Известия Томского политехнического института [Известия ТПИ]; Т. 82

Bibliografski detalji
Parent link:Известия Томского политехнического института [Известия ТПИ]/ Томский политехнический институт (ТПИ).— , 1944-1976
Т. 82.— 1956.— [С. 3-8]
Glavni autor: Щербаков В. К. Василий Кузьмич
Daljnji autori: Мещеряков К. П.
Sažetak:Заглавие с титульного листа
Электронная версия печатной публикации
Jezik:ruski
Izdano: 1956
Teme:
Online pristup:http://www.lib.tpu.ru/fulltext/v/Bulletin_TPU/1956/v82/01.pdf
Format: MixedMaterials Elektronički Poglavlje knjige
KOHA link:https://koha.lib.tpu.ru/cgi-bin/koha/opac-detail.pl?biblionumber=188373

MARC

LEADER 00000nla2a2200000 4500
001 188373
005 20231101224130.0
035 |a (RuTPU)RU\TPU\book\204614 
035 |a RU\TPU\book\204590 
090 |a 188373 
100 |a 20101208d1956 k y0rusy50 ca 
101 0 |a rus 
102 |a RU 
135 |a drnn ---uucaa 
181 0 |a i  
182 0 |a b 
200 1 |a Ёмкостные токи в линиях ДПЗ  |b Электронный ресурс  |f В. К. Щербаков, К. П. Мещеряков 
203 |a Текст  |c электронный 
215 |a 1 файл (561 Кб) 
230 |a Электронные текстовые данные (1 файл : 561 Кб) 
300 |a Заглавие с титульного листа 
300 |a Электронная версия печатной публикации 
320 |a [Библиогр.: с. 8 (2 назв.)] 
337 |a Adobe Reader 
461 1 |0 (RuTPU)RU\TPU\book\200995  |t Известия Томского политехнического института [Известия ТПИ]  |f Томский политехнический институт (ТПИ)  |d 1944-1976 
463 1 |0 (RuTPU)RU\TPU\book\204611  |t Т. 82  |v [С. 3-8]  |d 1956  |p 152 с. 
610 1 |a электронный ресурс 
610 1 |a труды учёных ТПУ 
700 1 |a Щербаков  |b В. К.  |c российский ученый в области электрических сетей и систем  |c профессор ТПИ  |f 1903-1981  |g Василий Кузьмич  |2 stltpush  |3 (RuTPU)RU\TPU\pers\21926  |9 9262 
701 1 |a Мещеряков  |b К. П. 
801 1 |a RU  |b 63413507  |c 20090320  |g PSBO 
801 2 |a RU  |b 63413507  |c 20110713  |g PSBO 
856 4 |u http://www.lib.tpu.ru/fulltext/v/Bulletin_TPU/1956/v82/01.pdf 
942 |c CF